Stack the States Colors - Statistics

General Stats
  • This quiz has been taken 48 times
    25 since last reset
  • The average score is 5 of 50
Answer Stats
Hint Answer % Correct
Pennsylvania Olive Green
33%
Hawaii Carrot Orange
27%
Mississippi Brown
20%
South Dakota Brown
20%
Washington Gray
20%
Kansas Mauve
20%
California Orange Red
20%
Arizona Lighter Yellow
13%
Maine Light Pink
13%
New York Light Yellow
13%
Arkansas Melon Orange
13%
Ohio Mint Green
13%
Colorado Mint Green
13%
New Jersey Mint Green
13%
Vermont Olive Green
13%
North Carolina Orange Red
13%
Texas Pink
13%
Minnesota Teal
13%
Rhode Island Yellow
13%
Michigan Yellow
13%
Alaska Carrot Orange
7%
New Mexico Carrot Orange
7%
Nebraska Dark Red
7%
Florida Honey Orange
7%
Maryland Honey Orange
7%
Indiana Honey Orange
7%
Illinois Lighter Yellow
7%
Oklahoma Light Pink
7%
Iowa Light Yellow
7%
Utah Light Yellow
7%
Virginia Light Yellow
7%
Louisiana Light Yellow
7%
Georgia Light Yellow
7%
Wisconsin Mint Green
7%
Montana Olive Green
7%
Massachusetts Peach
7%
West Virginia Peach
7%
Delaware Red
7%
Idaho Seaweed Green
7%
Missouri White
7%
Kentucky Yellow
7%
Nevada Yellow
7%
New Hampshire Yellow
7%
South Carolina Yellow
7%
Wyoming Honey Orange
0%
Connecticut Honey Orange
0%
Alabama Light Pink
0%
North Dakota Melon Orange
0%
Oregon Melon Orange
0%
Tennessee Peach
0%
No matching quizzes found
Score Distribution
Percent of People with Each Score
Percentile by Number Answered
Your Score History
You have not taken this quiz since the last reset